|
|
|
|
| LEADER |
00000cam a2200000 a 4500 |
| 001 |
vtls001482169 |
| 003 |
SK-MaSNL |
| 005 |
20260302002954.0 |
| 008 |
251113s2002 xo a 000 0 slo |
| 015 |
|
|
|a SNBA2004/10-05716
|
| 020 |
|
|
|a 8022717347
|
| 035 |
|
|
|a SNK000437466
|
| 035 |
|
|
|a urn:nbn:sk:snk-amygqv
|
| 035 |
|
|
|a urn:nbn:sk:snk-am00cjug
|
| 035 |
|
|
|a D505B88B-DF33-4A0C-BCFC-82C14C366631
|
| 040 |
|
|
|a SNK
|b slo
|c SNK
|e AACR2
|
| 041 |
0 |
|
|a slo
|
| 044 |
|
|
|a xo
|c SK
|
| 072 |
|
7 |
|a 620.1/.2
|x Náuka o materiáli
|2 konspekt
|
| 080 |
|
|
|a 620.2-039.6(075.8)
|2 1981
|
| 080 |
|
|
|a 66 21981
|2 1981
|
| 080 |
|
|
|a 620.2-039.6
|2 1981
|
| 080 |
|
|
|a 66
|2 1981
|
| 080 |
|
|
|a 663/664
|2 1981
|
| 080 |
|
|
|a (075.8)
|2 1981
|
| 100 |
1 |
|
|a Majling, Ján,
|d 1942-
|4 aut
|9 40011
|
| 245 |
1 |
0 |
|a Technológia špeciálnych anorganických materiálov
|c Ján Majling, Gustav Plesch a kolektív
|
| 250 |
|
|
|a 1. vyd.
|
| 260 |
|
|
|a Bratislava
|b Slovenská technická univerzita
|c 2002
|
| 300 |
|
|
|a 244 s.
|b fotogr., sch., tab.
|c 29 cm
|e 244 s.
|
| 366 |
|
|
|e 150 výtl.
|
| 490 |
1 |
|
|a Edícia skrípt
|
| 504 |
|
|
|a Obsahuje bibliografiu
|
| 650 |
0 |
7 |
|a anorganické materiály
|2 SNKPH
|9 69746
|
| 650 |
0 |
7 |
|a chemická technológia
|2 SNKPH
|9 65015
|
| 650 |
0 |
7 |
|a potravinárska technológia
|2 SNKPH
|9 1725
|
| 655 |
|
7 |
|a učebnice vysokých škôl
|2 SNKPH
|9 70191
|
| 700 |
1 |
|
|a Plesch, Gustáv
|4 aut
|9 39757
|
| 810 |
2 |
|
|a Slovenská technická univerzita v Bratislave.
|b Fakulta chemickej a potravinárskej technológie
|t Edícia skrípt
|9 300310
|
| 852 |
|
|
|a Slovenská národná knižnica
|
| 919 |
|
|
|a 80-227-1734-7
|
| 958 |
0 |
7 |
|a NB
|
| 968 |
|
|
|d 62
|
| 999 |
|
|
|c 990213
|d 992143
|
| 952 |
|
|
|t P60, <03>, [BOOK], {603}
|a SNK
|b SNK
|y PREZ
|7 0
|p 17A0444228
|o snkSB 69243
|i snkKSP 12480/2004
|0 0
|1 0
|4 0
|d 2004-09-22
|f 1
|l 0
|r 2025-04-23 00:00:00
|w 2026-02-24
|
| 952 |
|
|
|t P60, <04>, [BOOK], {604}
|a SNK
|b SNK
|y VYP
|7 0
|p 17A0444204
|o snkSB 69243 D1
|i snkKSP 12481/2004
|0 0
|1 0
|4 0
|d 2004-09-22
|l 0
|r 2005-01-02 00:00:00
|w 2026-02-24
|